National Assembly Library of Thailand

การศึกษาและออกแบบผนังโฟมสำเร็จรูปที่ใช้เป็นแบบหล่อคอนกรีตได้ในตัว เพื่อใช้ในการก่อสร้างบ้านประหยัดพลังงาน และเพื่อการผลิตทางอุตสาหกรรม (ระเบียนเลขที่ 60461)

รายละเอียดในรูปแบบ MARC
000 -LEADER
fixed length control field 01624nam a22002537a 4500
005 - DATE AND TIME OF LATEST TRANSACTION
control field 20240724233237.0
008 - FIXED-LENGTH DATA ELEMENTS--GENERAL INFORMATION
fixed length control field s2552 th tha d
041 ## - LANGUAGE CODE
Language code of text/sound track or separate title tha
050 ## - LIBRARY OF CONGRESS CALL NUMBER
Classification number TH1715 จ154ก 2552
100 0# - MAIN ENTRY--PERSONAL NAME
Personal name ดรุณี มงคลสวัสดิ์
245 10 - TITLE STATEMENT
Title การศึกษาและออกแบบผนังโฟมสำเร็จรูปที่ใช้เป็นแบบหล่อคอนกรีตได้ในตัว เพื่อใช้ในการก่อสร้างบ้านประหยัดพลังงาน และเพื่อการผลิตทางอุตสาหกรรม
260 3# - PUBLICATION, DISTRIBUTION, ETC.
Place of publication, distribution, etc. กรุงเทพฯ :
Name of publisher, distributor, etc. สถาบันวิจัยและพัฒนา มหาวิทยาลัยศิลปากร,
Date of publication, distribution, etc. 2552
300 ## - PHYSICAL DESCRIPTION
Extent 1 เล่ม :
Other physical details ภาพประกอบ, ตาราง ;
Dimensions 29 ซม.
650 04 - SUBJECT ADDED ENTRY--TOPICAL TERM
Topical term or geographic name entry element บ้าน -- การอนุรักษ์พลังงาน -- วิจัย
650 04 - SUBJECT ADDED ENTRY--TOPICAL TERM
Topical term or geographic name entry element อาคาร -- การออกแบบและการสร้าง -- วิจัย
650 04 - SUBJECT ADDED ENTRY--TOPICAL TERM
Topical term or geographic name entry element สถาปัตยกรรมกับการอนุรักษ์พลังงาน -- วิจัย
650 04 - SUBJECT ADDED ENTRY--TOPICAL TERM
Topical term or geographic name entry element ผนัง -- วิจัย
650 04 - SUBJECT ADDED ENTRY--TOPICAL TERM
Topical term or geographic name entry element โฟม -- วิจัย
850 ## - HOLDING INSTITUTION
Holding institution NALT
942 ## - ADDED ENTRY ELEMENTS (KOHA)
Koha item type Research/Thesis
997 ## -
-- บ22640
997 ## -
-- 000000000060461
998 ## - LOCAL CONTROL INFORMATION (RLIN)
-- นางสาวชัชฎา จูฑะรักษ์
รายการที่มีในห้องสมุด
Withdrawn status Lost status Damaged status Not for loan Collection code Home library Current library Source of acquisition Total Checkouts Full call number Barcode Date last seen Price effective from Koha item type
        Research & Theses collection National Assembly Library of Thailand National Assembly Library of Thailand บริจาค   ว TH1715 จ154ก 2552 3961179806 09/06/2017 09/06/2017 Research/Thesis
หอสมุดรัฐสภา
สำนักงานเลขาธิการสภาผู้แทนราษฎร เลขที่ 1111 ถนนสามเสน แขวงถนนนครไชยศรี เขตดุสิต กรุงเทพฯ 10300
The Secretariat of the House of Representatives 1111 Samsen Road, Thanon Nakhon Chai Si, Dusit, Bangkok 10300, THAILAND
โทรศัพท์: +66(0) 2242 5900 ต่อ 5714-5 โทรสาร: +66(0) 2242 5990 อีเมล: [email protected]